LEADER 01357nam0 22003253i 450 001 RMS1533670 005 20231121125809.0 010 $a3511091608 100 $a20160623d1982 ||||0itac50 ba 101 | $aeng 102 $ade 181 1$6z01$ai $bxxxe 182 1$6z01$an 200 1 $aCritique of pure reason$econcise text in a new faithful terminologically improved translation exhibiting the structure of Kant's argument in thesis and proof$fImmanuel Kant$gwith introduction and glossary by Wolfgang Schwarz 210 $aAalen$cScientia$d1982 215 $aXXXVI, 281 p.$d24 cm. 606 $aEstetica$2FIR$3RMLC119958$9I 676 $a111.85$9Proprietà classiche dell'essere. Bellezza.$v21 700 1$aKant$b, Immanuel$3CFIV000707$4070$048116 702 1$aSchwarz$b, Wolfgang$3SBLV310361 790 1$aKant$b, Emmanuel$3BVEV026501$zKant, Immanuel 790 1$aKant$b, Emanuele$3SBNV030224$zKant, Immanuel 801 3$aIT$bIT-01$c20160623 850 $aIT-FR0017 899 $aBiblioteca umanistica Giorgio Aprea$bFR0017 912 $aRMS1533670 950 0$aBiblioteca umanistica Giorgio Aprea$d 52CIS 9/629$e 52VM 0000632425 VM barcode:00049350. - Inventario:21724 MAGVM$fA $h20060920$i20121204 977 $a 52 996 $aCritique of pure reason$9692546 997 $aUNICAS